Same Name as a Cartoon Character II Quiz Stats

 Plays Quiz Updated Jun 27, 2016

Challenge
Share
Tweet
Score 0/20 Timer 06:00
6 Plays Today
% Correct
Mickey Mouse/Mickey Rooney
99.5%
Fred Flintstone (The Flintstones)/Fred Savage
97.5%
Tom (Tom and Jerry)/Tom Cruise
97.1%
Betty Boop/Betty White
95.6%
Lisa Simpson (The Simpsons)/Lisa Kudrow
95%
George Jetson (The Jetsons)/George W. Bush
94.4%
Minnie Mouse/Minnie Driver
94.4%
Patrick Star (SpongeBob SquarePants)/Patrick Stewart
93.9%
Bob Belcher (Bob's Burgers)/Bob Marley
93.1%
Roger Rabbit (Who Framed Roger Rabbit)/Roger Federer
88.1%
% Correct
Jimmy Neutron (Jimmy Neutron: Boy Genius)/Jimmy Kimmel
84.9%
Andy Davis (Toy Story)/Andy Samberg
81.1%
Lucy van Pelt (Peanuts)/Lucy Hale
79.5%
Dale/Dale Earnhardt
78.3%
Anna (Frozen)/Anna Kendrick
76.7%
Ursula (The Little Mermaid)/Ursula Andress
73.3%
Barry Benson (Bee Movie)/Barry Manilow
69.2%
Timothy Q. Mouse (Dumbo)/Timothy Dalton
47.7%
Natasha Fatale (The Rocky and Bullwinkle Show)/Natasha Richardson
47%
Alex (Madagascar)/Alex Morgan
45.6%

You're not logged in!

Compare scores with friends on all Sporcle quizzes.
Join for Free
OR
Log In

You Might Also Like...

Show Comments

Extras

Top Quizzes Today


Score Distribution

Your Account Isn't Verified!

In order to create a playlist on Sporcle, you need to verify the email address you used during registration. Go to your Sporcle Settings to finish the process.

Report this User

Report this user for behavior that violates our Community Guidelines.

Details: